| 000 | 01149cam a2200193 4500 | ||
|---|---|---|---|
| 001 | WB3833-09 | ||
| 008 | 020912n2002 000 0 eng u | ||
| 035 | _a(Sirsi) u119684 | ||
| 245 | _aADR green paper responses sought | ||
| 260 | _c2002 | ||
| 490 |
_aRICS Dispute Resolution Faculty News _v6 September 2002, (1) |
||
| 520 | _aThe European Commission is seeking responses to its green paper on alternative dispute resolution (ADR). The outcome of this consultation will have potentially far-reaching implications for the future of ADR in the UK. RICS members are encouraged to return their comments to [email protected] by 30 September 2002 to inform the RICS submission. The green paper is available at http://europa.eu.int/eur-lex/pri/en/dpi/gpr/doc/2002/com2002_0196en01.doc Editorial comment is at http://www.rics.org/downloads/feature/EU2.pdf http://www.rics.org/ricscms/bin/show?class=Feature&template=/includes/showfeature.html&id=333 | ||
| 590 | _aWB | ||
| 650 | _aEUROPEAN UNION | ||
| 650 | _aALTERNATIVE DISPUTE RESOLUTION | ||
| 650 | _aALTERNATIVE DISPUTE RESOLUTION | ||
| 690 |
_aDispute resolution _96236 |
||
| 942 | _n0 | ||
| 999 |
_c71149 _d71149 |
||